000 00693cam a2200241 4500
008 090401t1995 xxu||||| |||| 00| 0 eng d
020 _a0611008890
035 _a(Sirsi) u72314
041 _aeng
050 _a692.5
245 _aLaxton`s building price book 1996.
250 _a168th ed.
260 _aEast Grinstead, West Sussex
_bReed Information Services
_c1995
300 _axxix, 739p. ; 30cm.
350 _a89.5
650 _aBUILT ENVIRONMENT-BUILDING COSTS
650 _aJOHNSON V B AND PARTNERS
650 _aBUILDING PRICE BOOKS
690 _aBUILT ENVIRONMENT-BUILDING COSTS
700 _aV.B. Johnson and Partners.,
_xEditor
942 _n0
948 _c04/03/1997
999 _c95497
_d95497